[Event "SR 3. liga A2 2006/2007"]
[Site "?"]
[Date "2007.03.25"]
[Round "11"]
[White "Holicky, Miroslav"]
[Black "Brisudova, Veronika"]
[Result "1-0"]
[WhiteElo "1843"]
[BlackElo "1664"]
[Annotator "Trnava C - Holíc  /7/"]
[PlyCount "126"]
[EventDate "2006.??.??"]

1. e4 e6 2. d4 d5 3. e5 c5 4. c3 Nc6 5. Nf3 Qb6 6. Be2 cxd4 7. cxd4 Bb4+ 8. Nc3
Nge7 9. a3 Bxc3+ 10. bxc3 Bd7 11. O-O O-O 12. c4 Rac8 13. c5 Qd8 14. Bg5 b6 15.
cxb6 axb6 16. Rc1 h6 17. Bd2 Nf5 18. Bb4 Nxb4 19. Rxc8 Qxc8 20. axb4 b5 21. g4
Ne7 22. Qd2 Qd8 23. Bd3 Ng6 24. Ne1 f6 25. f4 fxe5 26. fxe5 Rxf1+ 27. Bxf1 Qf8
28. Ng2 Be8 29. Be2 Qe7 30. Qc3 Qd7 31. Qc5 Qc6 32. Kf2 Qxc5 33. bxc5 Kf7 34.
Ke3 Ke7 35. Kd2 b4 36. Bd3 Nf8 37. Nf4 g5 38. Ng2 Ba4 39. h4 Nd7 40. hxg5 hxg5
41. Ne1 Nb8 42. Nf3 Nc6 43. Bb1 Bb3 44. Ke3 Bd1 45. Nxg5 Bxg4 46. Bc2 Na5 47.
Ba4 Nc4+ 48. Kf4 Bf5 49. c6 Nb6 50. c7 b3 51. Bxb3 Kd7 52. c8=Q+ Nxc8 53. Bxd5
exd5 54. Kxf5 Ne7+ 55. Kf6 Nc6 56. Nf3 Nd8 57. Nh4 Ne6 58. Nf5 Nd8 59. Ng7 Nc6
60. e6+ Kd8 61. Kf7 Ne7 62. Kf6 Ng8+ 63. Ke5 Ne7 {cierny cas} 1-0

[Event "SR 3. liga A2 2006/2007"]
[Site "?"]
[Date "2007.03.25"]
[Round "11"]
[White "Harastova, Viera"]
[Black "Svoboda, Adam"]
[Result "1-0"]
[WhiteElo "1607"]
[BlackElo "1597"]
[Annotator "Trnava C - Holíc  /8/"]
[PlyCount "55"]
[EventDate "2006.??.??"]

1. d4 d5 2. c4 e6 3. Nc3 c5 4. Nf3 cxd4 5. Nxd4 Bc5 6. cxd5 exd5 7. e3 Nf6 8.
Bb5+ Bd7 9. O-O O-O 10. Bxd7 Qxd7 11. Qf3 Bxd4 12. exd4 Nc6 13. Rd1 Rfe8 14.
Be3 Ne4 15. Rac1 Rac8 16. a3 Na5 17. Qh5 Nxc3 18. Rxc3 Rxc3 19. bxc3 Nc4 20.
Bc1 Qe6 21. Rf1 g6 22. Qf3 Qe4 23. Qxe4 Rxe4 24. f3 Re6 25. Kf2 Ra6 26. Re1 Kf8
27. Bh6+ Kg8 28. Re8# 1-0

[Event "SR 3. liga A2 2006/2007"]
[Site "?"]
[Date "2007.03.25"]
[Round "11"]
[White "Ivan, Imrich ml"]
[Black "Vach, Pavol"]
[Result "0-1"]
[WhiteElo "2034"]
[BlackElo "2117"]
[Annotator "Velký Meder - Senica B  /1/"]
[PlyCount "85"]
[EventDate "2006.??.??"]

1. Nf3 Nf6 2. c4 Nc6 3. d4 d5 4. Nc3 e6 5. Bg5 Bb4 6. e3 O-O 7. Bd3 h6 8. Bxf6
Qxf6 9. O-O Bxc3 10. bxc3 Rd8 11. e4 dxe4 12. Bxe4 Ne7 13. Ne5 g6 14. Rb1 c6
15. Re1 Qg7 16. Qc2 Kh8 17. Re3 f5 18. Bd3 c5 19. dxc5 Nc6 20. Rbe1 Nxe5 21.
Rxe5 Bd7 22. c6 Bxc6 23. Rxe6 Rd7 24. h4 Rf8 25. f4 Qf7 26. Qe2 Be4 27. Rxe4
fxe4 28. Qxe4 Qxf4 29. Qxf4 Rxf4 30. Bxg6 Rxh4 31. Re8+ Kg7 32. Be4 Kf7 33. Re5
Kf6 34. Rf5+ Ke6 35. Bc2 Rd1+ 36. Rf1 Rh1+ 37. Kxh1 Rxf1+ 38. Kh2 Rc1 39. Bb3
Rxc3 40. g3 Ke5 41. Kh3 a5 42. Kh4 b6 43. Kg4 0-1

[Event "SR 3. liga A2 2006/2007"]
[Site "?"]
[Date "2007.03.25"]
[Round "11"]
[White "Palka, Miroslav"]
[Black "Csefalvay, Stefan"]
[Result "1/2-1/2"]
[WhiteElo "2055"]
[BlackElo "1957"]
[Annotator "Velký Meder - Senica B  /2/"]
[PlyCount "128"]
[EventDate "2006.??.??"]

1. c4 e5 2. Nc3 Nc6 3. e4 Nf6 4. g3 Be7 5. Bg2 d6 6. Nge2 O-O 7. O-O Be6 8. d3
Qd7 9. Nd5 h6 10. Nec3 Nd4 11. f4 Bg4 12. Nxe7+ Qxe7 13. Qd2 Bd7 14. Qd1 c6 15.
f5 c5 16. Be3 a6 17. g4 Ne8 18. Nd5 Qd8 19. f6 g5 20. h4 Ne6 21. hxg5 hxg5 22.
Rf5 Kh7 23. Kf2 Nxf6 24. Nxf6+ Kg6 25. Nxd7 Qxd7 26. Qd2 f6 27. Rh1 Rh8 28. Rf3
Rxh1 29. Bxh1 Rh8 30. Bg2 Rh4 31. Bh3 Qh7 32. Kg2 Qc7 33. a3 b6 34. b4 Rh8 35.
Rf1 Qh7 36. Rh1 Rb8 37. Qf2 Nf4+ 38. Bxf4 exf4 39. Kf3 Qe7 40. Bf1 Rg8 41. Qh2
Kf7 42. Qh7+ Rg7 43. Qf5 Qe5 44. Qxe5 fxe5 45. Rh8 Rg8 46. Rxg8 Kxg8 47. Ke2
Kf7 48. Bg2 Ke7 49. Kd2 Kd7 50. Kc3 Kc7 51. Kb3 Kb7 52. Ka4 Kc7 53. Bf3 Kb7 54.
d4 cxd4 55. Kb3 Kc6 56. Be2 Kb7 57. a4 Kc7 58. c5 bxc5 59. bxc5 d5 60. exd5 e4
61. Kc4 d3 62. Bxd3 exd3 63. Kxd3 a5 64. Ke4 Kd7 1/2-1/2

[Event "SR 3. liga A2 2006/2007"]
[Site "?"]
[Date "2007.03.25"]
[Round "11"]
[White "Szitasi, Janos"]
[Black "Sebesta, Radovan"]
[Result "0-1"]
[WhiteElo "1996"]
[BlackElo "2057"]
[Annotator "Velký Meder - Senica B  /3/"]
[PlyCount "72"]
[EventDate "2006.??.??"]

1. e4 c5 2. Nc3 Nc6 3. g3 g6 4. Bg2 Bg7 5. d3 Nf6 6. f4 d6 7. Nf3 O-O 8. O-O
Rb8 9. Rb1 Bd7 10. h3 b5 11. Be3 b4 12. Ne2 Qc7 13. c3 bxc3 14. Nxc3 e6 15. Qd2
Rfc8 16. Rfc1 Qa5 17. d4 c4 18. e5 Ne8 19. exd6 Nxd6 20. Ne5 Be8 21. a3 Ne7 22.
Nd5 Qd8 23. Nxe7+ Qxe7 24. Qe2 Nf5 25. Bf2 c3 26. Nd3 Nxd4 27. Bxd4 Bxd4+ 28.
Kh2 cxb2 29. Rxc8 Rxc8 30. Nxb2 Qxa3 31. Nc4 Qa4 32. Ne3 Bxe3 33. Qxe3 Qa2 34.
Rc1 Bc6 35. Rg1 Bd5 36. Kh1 Rc2 0-1

[Event "SR 3. liga A2 2006/2007"]
[Site "?"]
[Date "2007.03.25"]
[Round "11"]
[White "Skapikova, Lubica"]
[Black "Magyarics, Jozef"]
[Result "1/2-1/2"]
[WhiteElo "2013"]
[BlackElo "1546"]
[Annotator "Velký Meder - Senica B  /4/"]
[PlyCount "51"]
[EventDate "2006.??.??"]

1. e4 e5 2. Nf3 Nc6 3. Bb5 d6 4. O-O Nf6 5. Re1 Bg4 6. c3 a6 7. Ba4 b5 8. Bc2
g6 9. h3 Be6 10. d4 exd4 11. cxd4 Ne7 12. Nc3 Bg7 13. Bf4 O-O 14. Qd2 c6 15.
Bh6 Qd7 16. Bxg7 Kxg7 17. Qg5 h6 18. Qf4 Nh5 19. Qe3 g5 20. Nxg5 hxg5 21. Qxg5+
Ng6 22. Qxh5 Rh8 23. Qg5 f6 24. Qg3 Kf7 25. e5 Rag8 26. Qf3 $11 1/2-1/2

[Event "SR 3. liga A2 2006/2007"]
[Site "?"]
[Date "2007.03.25"]
[Round "11"]
[White "Korosi, Gejza"]
[Black "Zisek, Jaroslav"]
[Result "1/2-1/2"]
[WhiteElo "1535"]
[BlackElo "1946"]
[Annotator "Velký Meder - Senica B  /5/"]
[PlyCount "38"]
[EventDate "2006.??.??"]

1. e4 c5 2. c4 Nc6 3. Nf3 e5 4. g3 g6 5. Bg2 Bg7 6. O-O Nge7 7. a3 O-O 8. Nc3
d6 9. d3 h6 10. Bd2 Kh7 11. Qc1 Nd4 12. Nxd4 exd4 13. Nd5 f5 14. Re1 Nxd5 15.
exd5 Bd7 16. a4 Qf6 17. f4 Qd8 18. b3 Bf6 19. Re2 Re8 1/2-1/2

[Event "SR 3. liga A2 2006/2007"]
[Site "?"]
[Date "2007.03.25"]
[Round "11"]
[White "Sipkovsky, Ivan"]
[Black "Bogi, Timea"]
[Result "1/2-1/2"]
[WhiteElo "1501"]
[BlackElo "1901"]
[Annotator "Velký Meder - Senica B  /6/"]
[PlyCount "40"]
[EventDate "2006.??.??"]

1. e4 e5 2. Nf3 Nc6 3. Bc4 Bc5 4. O-O Nf6 5. c3 O-O 6. d4 exd4 7. cxd4 Be7 8.
d5 Na5 9. Bd3 b6 10. Nc3 d6 11. Bg5 h6 12. Bh4 Nh7 13. Bg3 Bg4 14. b4 Nb7 15.
Qc2 Ng5 16. Nd4 Bf6 17. Nc6 Qd7 18. f4 Bxc3 19. Qxc3 Nh7 20. Rac1 a5 1/2-1/2

[Event "SR 3. liga A2 2006/2007"]
[Site "?"]
[Date "2007.03.25"]
[Round "11"]
[White "Bogi, Peter"]
[Black "Fidericky, Milan"]
[Result "0-1"]
[WhiteElo "1350"]
[BlackElo "1888"]
[Annotator "Velký Meder - Senica B  /7/"]
[PlyCount "48"]
[EventDate "2006.??.??"]

1. e4 c6 2. d4 d5 3. exd5 cxd5 4. Nf3 Nf6 5. Be2 Bf5 6. Bf4 Nc6 7. Nc3 e6 8. a3
Be7 9. O-O h6 10. Ne5 Nxe5 11. Bxe5 O-O 12. h3 Rc8 13. Bd3 Bxd3 14. Qxd3 Nd7
15. Rfe1 a6 16. Re3 Nxe5 17. Rxe5 Bf6 18. Rh5 Qb6 19. Rd1 Qxb2 20. Rb1 Qxc3 21.
Qxc3 Rxc3 22. Rxb7 Rfc8 23. g4 Rxa3 24. Ra7 Bxd4 0-1

[Event "SR 3. liga A2 2006/2007"]
[Site "?"]
[Date "2007.03.25"]
[Round "11"]
[White "Havlicek, Peter"]
[Black "Magyarics, Tamas"]
[Result "1-0"]
[WhiteElo "1715"]
[BlackElo "1350"]
[Annotator "Velký Meder - Senica B  /8/"]
[PlyCount "77"]
[EventDate "2006.??.??"]

1. e4 e5 2. Nf3 Nc6 3. Nc3 Nf6 4. d4 exd4 5. Nxd4 Bc5 6. Be3 Ne5 7. f3 O-O 8.
Be2 Bb4 9. Qd2 a6 10. a3 Ba5 11. b4 Bb6 12. O-O d6 13. Na4 Ba7 14. c4 b5 15.
cxb5 axb5 16. Nc3 Nc4 17. Bxc4 bxc4 18. Nc6 Bxe3+ 19. Qxe3 Qd7 20. Na5 Ba6 21.
Rfd1 Qe7 22. Nc6 Qd7 23. Na5 Qe6 24. Rd2 Nd7 25. Rad1 Ne5 26. Ne2 Nd3 27. Nf4
Qh6 28. Nd5 Qxe3+ 29. Nxe3 c5 30. Nexc4 Bxc4 31. Nxc4 Ne5 32. Nxe5 dxe5 33.
bxc5 Rxa3 34. Rc2 Rc8 35. c6 Raa8 36. c7 f6 37. Rd7 Kf8 38. Rc6 Ke8 39. Rxg7
1-0

[Event "SR 3. liga A2 2006/2007"]
[Site "?"]
[Date "2007.03.25"]
[Round "11"]
[White "Blatnicky, Miroslav"]
[Black "Hecko, Dusan"]
[Result "1-0"]
[WhiteElo "2163"]
[BlackElo "2142"]
[Annotator "Vrbové - Osuské B  /1/"]
[PlyCount "69"]
[EventDate "2006.??.??"]

1. e4 g6 2. d4 Bg7 3. Nf3 c6 4. c3 d6 5. Bd3 Nf6 6. O-O O-O 7. h3 Nbd7 8. Bg5
e5 9. Qd2 Re8 10. Re1 Qc7 11. Na3 a5 12. Rad1 exd4 13. cxd4 Nf8 14. Nc4 Ne6 15.
Bf4 Nxf4 16. Qxf4 Rd8 17. e5 dxe5 18. Ncxe5 Nd5 19. Qg3 f6 20. Nc4 Qxg3 21.
fxg3 Kf7 22. Rd2 b5 23. Na3 Be6 24. Rde2 Rd6 25. Be4 Bf8 26. Nb1 Nc7 27. Rc2
Bd5 28. Nc3 Bxe4 29. Nxe4 Re6 30. Neg5+ fxg5 31. Nxg5+ Kf6 32. Nxe6 Re8 33.
Rxc6 Rxe6 34. Rexe6+ Nxe6 35. d5 1-0

[Event "SR 3. liga A2 2006/2007"]
[Site "?"]
[Date "2007.03.25"]
[Round "11"]
[White "Pagerka, Martin"]
[Black "Feranec, Milan"]
[Result "1-0"]
[WhiteElo "1966"]
[BlackElo "1890"]
[Annotator "Vrbové - Osuské B  /2/"]
[PlyCount "52"]
[EventDate "2006.??.??"]

1. e4 Nc6 2. Nf3 b6 3. d4 e6 4. c3 Bb7 5. Bd3 d6 6. O-O Nge7 7. Nbd2 h6 8. b4
a6 9. Re1 Ng6 10. Nf1 Be7 11. Ng3 O-O 12. Qc2 e5 13. d5 Nb8 14. Be3 Nd7 15. Nf5
Kh7 16. Qd2 Nf4 17. Bxf4 exf4 18. Qxf4 g5 19. Qg4 Rg8 20. Qh5 Rg6 21. e5 Bf8
22. Ng3 Bxd5 23. Qg4 Bxf3 24. Qxf3 Nxe5 25. Rxe5 Qd7 26. Bxg6+ fxg6 {
nemozne zistit ako spravne dalej} 1-0

[Event "SR 3. liga A2 2006/2007"]
[Site "?"]
[Date "2007.03.25"]
[Round "11"]
[White "Krchnak, Rudolf"]
[Black "Diviak, Rastislav"]
[Result "1/2-1/2"]
[WhiteElo "1950"]
[BlackElo "1958"]
[Annotator "Vrbové - Osuské B  /3/"]
[PlyCount "51"]
[EventDate "2006.??.??"]

1. d4 d5 2. Nc3 Nf6 3. Bg5 Nbd7 4. e3 g6 5. Bd3 Bg7 6. Nf3 O-O 7. O-O c5 8. Re1
b6 9. Bb5 Bb7 10. Rb1 a6 11. Bf1 Re8 12. b3 e5 13. dxe5 Nxe5 14. Nxe5 Rxe5 15.
Bf4 Re8 16. Na4 Nh5 17. Bg3 Nxg3 18. hxg3 Qc7 19. c4 d4 20. exd4 Bxd4 21. Rxe8+
Rxe8 22. Qd2 $11 Qd6 23. Rd1 Qe6 24. Nc3 Qe5 25. Ne2 Rd8 26. Nxd4 $11 1/2-1/2

[Event "SR 3. liga A2 2006/2007"]
[Site "?"]
[Date "2007.03.25"]
[Round "11"]
[White "Hanzluvka, Peter"]
[Black "Smrek, Peter"]
[Result "1-0"]
[WhiteElo "2042"]
[BlackElo "1964"]
[Annotator "Vrbové - Osuské B  /4/"]
[PlyCount "93"]
[EventDate "2006.??.??"]

1. e4 e5 2. Nf3 Nf6 3. Nc3 Nc6 4. Bc4 Bc5 5. O-O d6 6. h3 O-O 7. d3 h6 8. a3
Be6 9. Nd5 Nd4 10. c3 Nxf3+ 11. Qxf3 Nxd5 12. exd5 Bd7 13. b4 Bb6 14. a4 a5 15.
b5 Qh4 16. Be3 Bxe3 17. fxe3 f5 18. d4 b6 19. Bb3 Kh8 20. dxe5 dxe5 21. Rac1
Rf6 22. Kh2 f4 23. exf4 Rxf4 24. Qg3 Qxg3+ 25. Kxg3 Raf8 26. Rxf4 exf4+ 27. Kf3
g5 28. c4 Re8 29. Rc3 Bf5 30. Kf2 Kg7 31. c5 Re3 32. cxb6 Rxc3 33. b7 Rxb3 34.
b8=Q Rc3 35. Qa7 Rc2+ 36. Ke1 Rxg2 37. Qxc7+ Kg6 38. Qc6+ Kh5 39. d6 Bxh3 40.
Qxg2 Bxg2 41. d7 g4 42. d8=Q g3 43. Qd6 Kg5 44. Qe7+ Kf5 45. Qh4 Bd5 46. Qxh6
f3 47. Qh5+ 1-0

[Event "SR 3. liga A2 2006/2007"]
[Site "?"]
[Date "2007.03.25"]
[Round "11"]
[White "Lanyi, Frantisek"]
[Black "Karlik, Lukas"]
[Result "0-1"]
[WhiteElo "1629"]
[BlackElo "1842"]
[Annotator "Vrbové - Osuské B  /5/"]
[PlyCount "98"]
[EventDate "2006.??.??"]

1. e4 d5 2. exd5 Qxd5 3. Nc3 Qa5 4. d4 c6 5. Nf3 Nf6 6. Bd2 Qc7 7. h3 Bf5 8.
Be2 e6 9. O-O Bd6 10. Be3 Nbd7 11. Bd3 Bxd3 12. Qxd3 Rd8 13. Bg5 h6 14. Bxf6
Nxf6 15. Ne4 Nxe4 16. Qxe4 O-O 17. c3 Rd7 18. Rad1 Rfd8 19. Rd3 Qb6 20. Qe2 Qa6
21. b3 c5 22. c4 cxd4 23. Rxd4 Bh2+ 24. Nxh2 Rxd4 25. Nf3 R4d6 26. Re1 Qa5 27.
Kh2 Qf5 28. Kg1 Qd3 29. Qxd3 Rxd3 30. Re2 Kf8 31. Rb2 f6 32. b4 e5 33. Nh4 Rd1+
34. Kh2 R1d2 35. Rxd2 Rxd2 36. Nf5 g6 37. Nxh6 Rxa2 38. Ng4 Kf7 39. Kg3 Ra4 40.
Kf3 Rxb4 41. Ne3 Ke6 42. Ke4 Rb2 43. f4 f5+ 44. Kf3 e4+ 45. Kg3 a5 46. Kh4 a4
47. Kg5 a3 48. Kxg6 a2 49. Nxf5 Rxg2+ 0-1

[Event "SR 3. liga A2 2006/2007"]
[Site "?"]
[Date "2007.03.25"]
[Round "11"]
[White "Skapik, Branislav"]
[Black "Podjavorinsky, Peter"]
[Result "1/2-1/2"]
[WhiteElo "1800"]
[BlackElo "1704"]
[Annotator "Vrbové - Osuské B  /6/"]
[PlyCount "59"]
[EventDate "2006.??.??"]

1. c4 Nf6 2. Nc3 g6 3. g3 Bg7 4. Bg2 O-O 5. Nf3 c6 6. e4 d6 7. O-O Qc7 8. d3
Rd8 9. Qc2 e5 10. Bg5 h6 11. Be3 d5 12. Bd2 Be6 13. c5 Nbd7 14. b4 a5 15. a3
axb4 16. axb4 b6 17. cxb6 Qxb6 18. Rfc1 Rxa1 19. Rxa1 Ng4 20. Be1 Ngf6 21. Qa4
dxe4 22. dxe4 Rb8 23. Rb1 Bc4 24. Bf1 Bxf1 25. Kxf1 Bf8 26. b5 Nc5 27. Qc4 cxb5
28. Rxb5 Qc7 29. Rxb8 Qxb8 30. Nd2 1/2-1/2

[Event "SR 3. liga A2 2006/2007"]
[Site "?"]
[Date "2007.03.25"]
[Round "11"]
[White "Lajda, Dusan"]
[Black "Fedor, Miroslav"]
[Result "1-0"]
[WhiteElo "1737"]
[BlackElo "1801"]
[Annotator "Vrbové - Osuské B  /7/"]
[PlyCount "69"]
[EventDate "2006.??.??"]

1. e4 c5 2. Nf3 Nc6 3. d4 cxd4 4. Nxd4 g6 5. Be3 Bg7 6. Nc3 d6 7. Qd2 Nf6 8. f3
a6 9. O-O-O Bd7 10. g4 O-O 11. h4 h5 12. gxh5 Nxh5 13. Be2 Ng3 14. Rhg1 Nxe2+
15. Qxe2 Bxd4 16. Bxd4 Nxd4 17. Rxd4 Kg7 18. h5 Rh8 19. hxg6 fxg6 20. e5 Qf8
21. exd6 exd6 22. Qd2 Qxf3 23. Rxd6 Bf5 24. Qd4+ Kh6 25. Qh4+ Qh5 26. Qf4+ Kh7
27. Nd5 Qh6 28. Rg5 Qh1+ 29. Kd2 Rhf8 30. Rgxg6 Bxg6 31. Rd7+ Kg8 32. Ne7+ Kg7
33. Nf5+ Kf6 34. Ng3+ Ke6 35. Qd6# 1-0

[Event "SR 3. liga A2 2006/2007"]
[Site "?"]
[Date "2007.03.25"]
[Round "11"]
[White "Danada, Ondrej"]
[Black "Bjel, Jan"]
[Result "0-1"]
[WhiteElo "1602"]
[BlackElo "1350"]
[Annotator "Vrbové - Osuské B  /8/"]
[PlyCount "94"]
[EventDate "2006.??.??"]

1. e4 e5 2. Nf3 Nc6 3. d4 exd4 4. Bc4 Bb4+ 5. Bd2 Bxd2+ 6. Qxd2 Qf6 7. Na3 a6
8. O-O-O Nge7 9. Nxd4 O-O 10. g4 Nxd4 11. Qxd4 Qf4+ 12. Qd2 Qxg4 13. Rdg1 Qxe4
14. Bd3 Qh4 15. Nc4 Ng6 16. Ne3 d6 17. Kb1 Bd7 18. Nf5 Qf6 19. Ng3 Qf4 20. Qc3
Bc6 21. f3 Qe5 22. Qb3 Bxf3 23. Re1 Qc5 24. Ne4 Qb6 25. Qxb6 cxb6 26. Rhf1 Bg2
27. Rf2 Bxe4 28. Bxe4 Rfe8 29. Rfe2 Rab8 30. Bxg6 Rxe2 31. Bxh7+ Kxh7 32. Rxe2
f5 33. Re7 Kg6 34. Re6+ Kg5 35. Rxd6 f4 36. Kc1 f3 37. Kd2 Re8 38. Rd3 Re2+ 39.
Kc3 f2 40. Rf3 Kg4 41. Rf7 Re3+ 42. Kd2 Rf3 43. Rxg7+ Kh3 44. Rh7+ Kg2 45. Rg7+
Kxh2 46. Rh7+ Kg2 47. Rg7+ Rg3 0-1

[Event "SR 3. liga A2 2006/2007"]
[Site "?"]
[Date "2007.03.25"]
[Round "11"]
[White "Kovacocy, Pavel"]
[Black "Pribila, Michal"]
[Result "1-0"]
[WhiteElo "2266"]
[BlackElo "2095"]
[Annotator "Cífer - Gbely  /1/"]
[PlyCount "89"]
[EventDate "2006.??.??"]

1. e4 c5 2. Nf3 d6 3. d4 cxd4 4. Nxd4 Nf6 5. Nc3 a6 6. Be2 e6 7. O-O Be7 8. f4
Nbd7 9. Kh1 Qc7 10. a4 b6 11. g4 Bb7 12. Bf3 Nc5 13. Qe2 h6 14. Qg2 e5 15. Nf5
g6 16. Nxe7 Qxe7 17. g5 hxg5 18. fxg5 Nh5 19. Nd5 Bxd5 20. exd5 Rc8 21. Ra3 a5
22. Bg4 Rc7 23. Rh3 Qf8 24. Qe2 Qg7 25. Qb5+ Nd7 26. Rc3 Ra7 27. Bxd7+ Rxd7 28.
Rc8+ Ke7 29. Rxh8 Qxh8 30. Rxf7+ Kxf7 31. Qxd7+ Kg8 32. Qd8+ Kh7 33. Qxh8+ Kxh8
34. Be3 e4 35. Kg1 Kg7 36. Kf1 Kf7 37. Bxb6 Nf4 38. c4 Nd3 39. b3 Nc1 40. Bxa5
Nxb3 41. Bb4 Ke7 42. a5 Kd7 43. h4 Nd4 44. a6 Kc7 45. Bxd6+ 1-0

[Event "SR 3. liga A2 2006/2007"]
[Site "?"]
[Date "2007.03.25"]
[Round "11"]
[White "Pribila, Gerhard"]
[Black "Cechovic, Stefan"]
[Result "1/2-1/2"]
[WhiteElo "2022"]
[BlackElo "2197"]
[Annotator "Cífer - Gbely  /2/"]
[PlyCount "47"]
[EventDate "2006.??.??"]

1. e4 e5 2. Nf3 Nf6 3. Nxe5 d6 4. Nf3 Nxe4 5. Qe2 Qe7 6. d3 Nf6 7. Bg5 Qxe2+ 8.
Bxe2 Be7 9. Nc3 h6 10. Bd2 Bf5 11. O-O-O c6 12. h3 Na6 13. Rhe1 Kd7 14. Nd4 Bg6
15. Bf3 d5 16. Nde2 $11 Bd6 17. Nf4 Rae8 18. Nxg6 fxg6 19. Rxe8 Rxe8 20. Re1
$11 Rxe1+ 21. Bxe1 Nc7 22. Ne2 Ne6 23. g3 b6 24. c3 1/2-1/2

[Event "SR 3. liga A2 2006/2007"]
[Site "?"]
[Date "2007.03.25"]
[Round "11"]
[White "Sarmir, Milos"]
[Black "Vach, Jozef"]
[Result "1-0"]
[WhiteElo "2159"]
[BlackElo "1992"]
[Annotator "Cífer - Gbely  /3/"]
[PlyCount "89"]
[EventDate "2006.??.??"]

1. e4 e5 2. Nf3 Nc6 3. Bb5 a6 4. Ba4 Nf6 5. O-O Be7 6. Re1 b5 7. Bb3 O-O 8. c3
d6 9. h3 Na5 10. Bc2 c5 11. d4 Qc7 12. Nbd2 Bd7 13. Nf1 Rac8 14. d5 h6 15. Be3
Nc4 16. Bc1 Nh7 17. b3 Nb6 18. Be3 f5 19. N3h2 f4 20. Bd2 Nf6 $11 21. Ng4 Kh7
22. Nxf6+ Rxf6 23. Nh2 Rg6 24. Kh1 Rf8 25. Rg1 Qc8 26. Qf1 c4 27. Bd1 Rg5 28.
Bf3 Rg6 29. Qe2 Bh4 30. Ng4 Be7 31. Nh2 Bh4 32. Bh5 Rgf6 33. Nf3 g5 34. Nh2 g4
35. Nxg4 Bxg4 36. Bxg4 Qc7 37. Raf1 Qg7 38. Be1 R6f7 39. Be6 Rc7 40. g3 fxg3
41. fxg3 Bf6 42. Rf5 cxb3 43. axb3 Nd7 44. Rgf1 Be7 45. Rf7 1-0

[Event "SR 3. liga A2 2006/2007"]
[Site "?"]
[Date "2007.03.25"]
[Round "11"]
[White "Jozefovic, Milan"]
[Black "Vagovsky, Jozef"]
[Result "0-1"]
[WhiteElo "1956"]
[BlackElo "2034"]
[Annotator "Cífer - Gbely  /4/"]
[PlyCount "78"]
[EventDate "2006.??.??"]

1. e4 e6 2. d4 d5 3. Nc3 Nf6 4. e5 Nfd7 5. Nf3 c5 6. Be3 Nc6 7. Bb5 a6 8. Bxc6
bxc6 9. dxc5 Bxc5 10. Bxc5 Nxc5 11. O-O Rb8 12. b3 O-O 13. Qd4 Qe7 14. Na4 Nd7
15. c3 c5 16. Qf4 Bb7 17. Nd2 Bc6 18. Nb2 f6 19. exf6 Rxf6 20. Qe3 e5 21. Rae1
Qd6 22. Rd1 Qf8 23. Nd3 e4 24. Ne1 Re8 25. g3 Bb5 26. c4 d4 27. Qg5 Bc6 28. Ng2
Rf5 29. Qg4 Ne5 30. Qe2 Nf3+ 31. Kh1 Rh5 32. h4 g5 33. Rg1 Qf5 34. Nf4 gxf4 35.
Rg2 fxg3 36. Rxg3+ Kh8 37. Nxf3 exf3 38. Qd2 Rxh4+ 39. Kg1 Qh5 0-1

[Event "SR 3. liga A2 2006/2007"]
[Site "?"]
[Date "2007.03.25"]
[Round "11"]
[White "Liptak, Tomas"]
[Black "Kocak, Branislav"]
[Result "1-0"]
[WhiteElo "1970"]
[BlackElo "1774"]
[Annotator "Cífer - Gbely  /5/"]
[PlyCount "91"]
[EventDate "2006.??.??"]

1. e4 c5 2. Nf3 d6 3. d4 cxd4 4. Nxd4 Nf6 5. Nc3 g6 6. f3 Bg7 7. Be3 O-O 8. Qd2
Nc6 9. O-O-O Bd7 10. Be2 a6 11. h4 h5 12. Rdg1 Rc8 13. g4 Ne5 14. gxh5 Nxh5 15.
f4 Nc4 16. Bxc4 Rxc4 17. f5 Kh7 18. Qd3 b5 19. fxg6+ fxg6 20. e5 Bf5 21. Nxf5
gxf5 22. Qe2 Rg4 23. Rxg4 fxg4 24. Qxg4 Qe8 25. exd6 exd6 26. Ne4 d5 27. Ng5+
Kg8 28. Bd2 Nf6 29. Qf5 Qc8 30. Ne6 Nh5 31. Qxd5 Rf7 32. Ng5 Qd7 33. Qxf7+ Qxf7
34. Nxf7 Kxf7 35. Bg5 Ke6 36. Re1+ Be5 37. c3 Kf5 38. Kc2 Ng3 39. b3 Ne4 40. c4
bxc4 41. bxc4 Bg3 42. Rg1 Kg4 43. Be7 Kf3 44. h5 Kf2 45. Rxg3 Nxg3 46. Bh4 1-0

[Event "SR 3. liga A2 2006/2007"]
[Site "?"]
[Date "2007.03.25"]
[Round "11"]
[White "Zajicek, Ferdinand"]
[Black "Vlkovic, Pavol"]
[Result "1/2-1/2"]
[WhiteElo "1753"]
[BlackElo "1924"]
[Annotator "Cífer - Gbely  /6/"]
[PlyCount "122"]
[EventDate "2006.??.??"]

1. e4 e6 2. d4 d5 3. e5 c5 4. c3 Nc6 5. Nf3 Qb6 6. Qb3 Qxb3 7. axb3 cxd4 8.
cxd4 a6 9. Bd2 f6 10. Nc3 Nge7 11. Nb5 Kd7 12. Bd3 Ng6 13. Bxg6 hxg6 14. O-O b6
15. Nc3 Na5 16. Na4 Rb8 17. Nxb6+ Rxb6 18. Bxa5 Rxb3 19. Bc3 Bb4 20. Nd2 Rxc3
21. bxc3 Bxc3 22. Ra2 Bxd4 23. exf6 gxf6 24. Nb3 Bb6 25. Rfa1 Rh4 26. Rc2 Rb4
27. Nc5+ Kd8 28. g3 e5 29. Nxa6 Rb5 30. Rc6 Bd4 31. Ra2 Bh3 32. Rac2 Rb1+ 33.
Rc1 Rxc1+ 34. Rxc1 Kd7 35. Nb8+ Ke6 36. Nc6 Bb6 37. Nb4 Ba5 38. Nd3 g5 39. Rc5
Bd2 40. Rc2 Ba5 41. Ra2 Bc3 42. Rc2 d4 43. Re2 Kd5 44. f4 Bf5 45. Nxe5 d3 46.
Nxd3 Bxd3 47. Re8 g4 48. Kf2 Bd4+ 49. Ke1 Bg1 50. Kd2 Bb5 51. Rh8 Bf1 52. Ke1
Bh3 53. Rd8+ Ke4 54. Rd2 Kf3 55. Ra2 Bxh2 56. Rxh2 Kxg3 57. Rf2 Kh4 58. Rb2 g3
59. Rb6 f5 60. Rg6 Bg4 61. Kf1 Bf3 1/2-1/2

[Event "SR 3. liga A2 2006/2007"]
[Site "?"]
[Date "2007.03.25"]
[Round "11"]
[White "Liptak, Dusan"]
[Black "Papanek, Lubomir"]
[Result "1-0"]
[WhiteElo "1708"]
[BlackElo "1684"]
[Annotator "Cífer - Gbely  /7/"]
[PlyCount "85"]
[EventDate "2006.??.??"]

1. d4 d5 2. c4 c6 3. Nc3 e6 4. Nf3 Nf6 5. Bg5 Be7 6. e3 Nbd7 7. Bd3 dxc4 8.
Bxc4 Nd5 9. Bxe7 Qxe7 10. O-O Qb4 11. Qb3 Qa5 12. Bxd5 exd5 13. Qc2 O-O 14. a3
Qd8 15. b4 f5 16. b5 Qf6 17. bxc6 bxc6 18. Na4 g5 19. Rac1 Ba6 20. Rfe1 Bc4 21.
Nb2 Nb6 22. Ne5 f4 23. Nbxc4 dxc4 24. Nxc4 fxe3 25. fxe3 Nxc4 26. Qxc4+ Kg7 27.
Qxc6 Qf2+ 28. Kh1 Qa2 29. Qc7+ Rf7 30. Qe5+ Kg8 31. Rf1 Qc4 32. Qxg5+ Kh8 33.
Qe5+ Kg8 34. Qg3+ Kh8 35. Qe1 Raf8 36. Rxf7 Qxf7 37. h3 Qa2 38. Ra1 Qd5 39. Rd1
Qa2 40. d5 Rf2 41. Qg1 Rb2 42. d6 Rd2 43. Qf1 1-0

[Event "SR 3. liga A2 2006/2007"]
[Site "?"]
[Date "2007.03.25"]
[Round "11"]
[White "Brunovsky, Peter"]
[Black "Markuliak, Mario"]
[Result "1-0"]
[WhiteElo "1649"]
[BlackElo "1588"]
[Annotator "Cífer - Gbely  /8/"]
[PlyCount "73"]
[EventDate "2006.??.??"]

1. d4 d5 2. Nf3 Nf6 3. Bf4 Bf5 4. e3 e6 5. Bd3 Ne4 6. Nbd2 Bb4 7. O-O Nd7 8.
Bxe4 dxe4 9. Ne5 O-O 10. c4 c5 11. Nb3 cxd4 12. exd4 Nxe5 13. Bxe5 Bd6 14. Qe2
Bxe5 15. dxe5 Qg5 16. f4 exf3 17. Qxf3 b6 18. Nd4 Bg6 19. Qf4 Qe7 20. Rad1 Rad8
21. Kh1 Qc5 22. Nb5 Bh5 23. Rxd8 Rxd8 24. Qh4 Rd2 25. Qxh5 g6 26. Qf3 Qe7 27.
Rf2 Rd7 28. Nd6 Rc7 29. b3 Qf8 30. g4 Rd7 31. g5 a6 32. Kg2 b5 33. c5 h6 34. h4
hxg5 35. hxg5 Qe7 36. Qf6 Qf8 37. Kg3 1-0

[Event "SR 3. liga A2 2009/2010"]
[Site "?"]
[Date "2009.10.18"]
[Round "1.1"]
[White "Mihalik, Marek"]
[Black "Lesny, Stefan"]
[Result "0-1"]
[WhiteElo "2090"]
[BlackElo "2086"]
[PlyCount "82"]
[EventDate "2009.??.??"]

1. d4 d5 2. c4 e6 3. Nc3 c6 4. cxd5 exd5 5. Nf3 Bf5 6. Bg5 Nf6 7. e3 Be7 8. Bd3
Bxd3 9. Qxd3 Nbd7 10. O-O O-O 11. Rac1 Re8 12. a3 Bd6 13. Na4 Qc7 14. b4 a6 15.
Bh4 Ne4 16. Rc2 f5 17. Nc3 Nb6 18. b5 Nxc3 19. Rxc3 axb5 20. Qxf5 Qf7 21. Qd3
Nc4 22. Bg3 Bxa3 23. Ne5 Qe7 24. Rb3 Bd6 25. Nf3 Bxg3 26. hxg3 Ra2 27. Rbb1
Rea8 28. Qf5 Nd6 29. Qg4 Ne4 30. Rb3 Rf8 31. Rbb1 Qd6 32. Ra1 Ra4 33. Rxa4 bxa4
34. Ne5 Qe7 35. f3 Nd2 36. Ra1 a3 37. Rxa3 Qxa3 38. Qe6+ Kh8 39. Nf7+ Rxf7 40.
Qxf7 Qa8 41. e4 dxe4 0-1